| 000 | 01864nam a22004817a 4500 | ||
|---|---|---|---|
| 001 | 000096711 | ||
| 003 | CHAP | ||
| 005 | 20220329143209.0 | ||
| 008 | 070112d2006 mx r 00110 spa d | ||
| 010 | _a93177 | ||
| 011 | _a94149 | ||
| 035 | _a104733 | ||
| 040 | _cCHAP | ||
| 090 | _aTesis | ||
| 100 | 1 |
_aCastañeda Nava, Fidel. _919927 |
|
| 245 | 1 | 0 |
_aRentabilidad financiera de las microempresas procesadoras de maíz cacahuacintle para pozole, en el municipio de Calimaya, Estado de México / _c/por Fidel Castañeda Nava y Freddy López Pérez. |
| 260 |
_aChapingo, Méx. : _bEl autor, _c2006. |
||
| 300 | _a96 h. | ||
| 502 | _aTesis (Lic. en Administración de Empresas Agropecuarias) - - UACH. División de Ciencias Económico Administrativas | ||
| 590 |
_aALEPH _b10 _c20130110 _lUCH01 _h1516 |
||
| 590 |
_aBATCH-UPD _b10 _c20130110 _lUCH01 _h0356 |
||
| 590 |
_aBATCH-UPD _b10 _c20130110 _lUCH01 _h2107 |
||
| 590 |
_aBATCH-UPD _b10 _c20130410 _lUCH01 _h0029 |
||
| 590 |
_aBATCH-UPD _b10 _c20130410 _lUCH01 _h1628 |
||
| 590 |
_aBATCH-UPD _b10 _c20130914 _lUCH01 _h0856 |
||
| 590 |
_aBATCH-UPD _b10 _c20140324 _lUCH01 _h1500 |
||
| 590 |
_aBATCH-UPD _b10 _c20141002 _lUCH01 _h0832 |
||
| 590 |
_aBATCH _b00 _c20181121 _lUCH01 _h0759 |
||
| 590 |
_aCONVERSION _b10 _c20130109 _lUCH01 _h1352 |
||
| 590 |
_aE792CSJ _b10 _c20130530 _lUCH01 _h1422 |
||
| 650 | 1 | 4 |
_aEmpresas pequeñas. _936658 |
| 650 | 1 | 4 |
_aMaíz cacahuacintle _xCostos de producción. _971106 |
| 650 | 1 | 4 |
_aMaíz cacahuacintle _xProcesado. _971107 |
| 700 | 1 |
_aLópez Pérez, Freddy. _968226 |
|
| 856 |
_3Finding aid _uhttp://10.13.5.2/tesis/104733.pdf _zTeclea aquí |
||
| 856 |
_a1 _n0001378 |
||
| 901 | _aBK | ||
| 905 | _aLilia | ||
| 942 | _cCD | ||
| 942 | _n0 | ||
| 949 |
_aTesis _bBC _cTES _d33724002011397 _eTS2 _fc.2 _h46179 _i104733 _sb |
||
| 949 |
_aTesis _bBC _cTES _d33724002011439 _eTS1 _h46178 _i104733 _sb |
||
| 999 |
_c93177 _d93177 |
||